000 00271nam a2200085Ia 4500
245 0 _aNatural selections : the African wanderings of a bemused naturalist
100 _a PINNOCK, Don Cape Town, 2002
_977800
942 _cBK
008 210817s9999 xx 000 0 und d
999 _c267071
_d267071